[Event "Landsturneringen NM i sjakk 2013"]
[Site "Radisson Blu Lillehammer Hotel"]
[Date "2013.06.29"]
[Round "7"]
[White "Tirado Gonzalez, Rafael"]
[Black "Stake-Larsen, Gunnar"]
[Result "1/2-1/2"]
[WhiteElo "1804"]
[BlackElo "1857"]
[PlyCount "53"]
[EventDate "2013.??.??"]

1. e4 e5 2. Nf3 Nc6 3. Bb5 a6 4. Ba4 Nf6 5. Qe2 b5 6. Bb3 Bc5 7. d3 h6 8. O-O
O-O 9. c3 Re8 10. a4 Rb8 11. axb5 axb5 12. Be3 Bxe3 13. fxe3 d5 14. exd5 Nxd5
15. Nbd2 Nf6 16. h3 Qd6 17. Nh4 Rf8 18. Nf5 Bxf5 19. Rxf5 Ne7 20. Rf2 Rbd8 21.
d4 exd4 22. exd4 c5 23. Qxb5 cxd4 24. Ra6 Qd7 25. Qe5 dxc3 26. bxc3 Ng6 27. Qg3
1/2-1/2

[Event "Landsturneringen NM i sjakk 2013"]
[Site "Radisson Blu Lillehammer Hotel"]
[Date "2013.06.29"]
[Round "7"]
[White "Solbu, Lasse Tveter"]
[Black "Olsen, Robin"]
[Result "1/2-1/2"]
[WhiteElo "1767"]
[BlackElo "1891"]
[PlyCount "139"]
[EventDate "2013.??.??"]

1. d4 Nf6 2. Nf3 c5 3. c4 cxd4 4. Nxd4 Nc6 5. Nc3 g6 6. e4 d6 7. Be2 Bg7 8. O-O
O-O 9. Be3 Bd7 10. h3 a6 11. Qd2 Nxd4 12. Bxd4 Bc6 13. Qe3 Nd7 14. Bxg7 Kxg7
15. Rad1 Re8 16. Kh2 Qa5 17. f4 Qc5 18. Qg3 b5 19. cxb5 axb5 20. Rc1 Qb6 21.
Bg4 Nf6 22. Bf3 b4 23. e5 Bxf3 24. exf6+ exf6 25. Qxf3 bxc3 26. Rxc3 Qxb2 27.
Rf2 Qa1 28. Rc7 Rac8 29. Ra7 Qb1 30. Qd5 Rf8 31. Qxd6 Rcd8 32. Rd7 Rxd7 33.
Qxd7 Ra8 34. Qd5 Ra7 35. Re2 Qb8 36. g3 Qb6 37. h4 Rc7 38. Qd2 Qb1 39. Qb2 Qf1
40. Rf2 Qe1 41. Qe2 Qb1 42. a4 Rc1 43. Qf3 Qa1 44. Qe4 Re1 45. Qc6 Qd4 46. Ra2
Re6 47. Qg2 Ra6 48. a5 Qc5 49. Qd2 h5 50. Kg2 Qc6+ 51. Kg1 Qc5+ 52. Qf2 Rxa5
53. Qxc5 Rxc5 54. Kf2 g5 55. hxg5 fxg5 56. fxg5 Kg6 57. Ra8 Kxg5 58. Rg8+ Kf5
59. Rh8 Kg4 60. Rg8+ Rg5 61. Rf8 Rf5+ 62. Kg2 Kg5 63. Rg8+ Kf6 64. Kh3 Rg5 65.
Rh8 Kg7 66. Rc8 Rg4 67. Rc5 Kg6 68. Rc8 Kg7 69. Rc5 Kg6 70. Rc8 1/2-1/2

[Event "Landsturneringen NM i sjakk 2013"]
[Site "Radisson Blu Lillehammer Hotel"]
[Date "2013.06.29"]
[Round "7"]
[White "Ski, Ole Johan"]
[Black "Nilsen, Martin"]
[Result "1-0"]
[WhiteElo "1812"]
[BlackElo "1747"]
[PlyCount "43"]
[EventDate "2013.??.??"]

1. d4 d5 2. Nf3 Nf6 3. e3 g6 4. c4 c6 5. Nc3 Bg7 6. Bd3 O-O 7. O-O Be6 8. Qe2
Nbd7 9. Ng5 dxc4 10. Bc2 Bg4 11. f3 Qa5 12. e4 h6 13. Nxf7 Rxf7 14. fxg4 Nxg4
15. Rxf7 Bxd4+ 16. Kh1 Kxf7 17. Qxc4+ Kf8 18. Qxd4 Qh5 19. h3 Ndf6 20. Bf4 Kf7
21. e5 Ng8 22. Bg3 1-0

[Event "Landsturneringen NM i sjakk 2013"]
[Site "Radisson Blu Lillehammer Hotel"]
[Date "2013.06.29"]
[Round "7"]
[White "Steinskog, Asbjørn O"]
[Black "Edvardsen, Vidar"]
[Result "1/2-1/2"]
[WhiteElo "1827"]
[BlackElo "1763"]
[PlyCount "21"]
[EventDate "2013.??.??"]

1. Nf3 c5 2. c4 g6 3. g3 Bg7 4. Bg2 Nc6 5. O-O d6 6. d3 e5 7. Nc3 Nge7 8. a3 a5
9. Qc2 O-O 10. e3 h6 11. b3 1/2-1/2

[Event "Landsturneringen NM i sjakk 2013"]
[Site "Radisson Blu Lillehammer Hotel"]
[Date "2013.06.29"]
[Round "7"]
[White "Bjørnland, Svein"]
[Black "Hegvik, Leif Trygve"]
[Result "1-0"]
[WhiteElo "1872"]
[BlackElo "1770"]
[PlyCount "63"]
[EventDate "2013.??.??"]

1. d4 d5 2. c4 c6 3. Nf3 Nf6 4. Nc3 a6 5. a4 Nbd7 6. e3 e6 7. Bd3 Bd6 8. e4
dxe4 9. Nxe4 Nxe4 10. Bxe4 Nf6 11. Bc2 O-O 12. O-O c5 13. Bg5 cxd4 14. Qd3 g6
15. Qxd4 Be7 16. Qh4 h6 17. Qxh6 Ng4 18. Qh4 Bxg5 19. Nxg5 Nf6 20. Rad1 Qc7 21.
Rd3 e5 22. Rg3 Kg7 23. Nxf7 Kxf7 24. Bxg6+ Ke7 25. Re1 Be6 26. b3 Rad8 27. Rge3
Rd2 28. Qg5 Kd7 29. Rxe5 Rd6 30. Rxe6 Rxe6 31. Bf5 Qd6 32. Rxe6 1-0

[Event "Landsturneringen NM i sjakk 2013"]
[Site "Radisson Blu Lillehammer Hotel"]
[Date "2013.06.29"]
[Round "7"]
[White "Haveland, Bjørn"]
[Black "Lund, Terje"]
[Result "0-1"]
[WhiteElo "1771"]
[BlackElo "1925"]
[PlyCount "74"]
[EventDate "2013.??.??"]

1. d4 Nf6 2. Nf3 e6 3. e3 b6 4. Bd3 Bb7 5. b3 d5 6. O-O Bd6 7. Ne5 O-O 8. Bb2
Nbd7 9. Nd2 Qe7 10. Qf3 Bb4 11. Nxd7 Qxd7 12. c3 Bd6 13. Qh3 Rad8 14. f4 Ne4
15. Nf3 f6 16. Rad1 Qe7 17. Qh4 Rde8 18. Nd2 g6 19. Rf3 Nxd2 20. Rxd2 e5 21.
fxe5 fxe5 22. Qxe7 Rxe7 23. Rxf8+ Kxf8 24. Rf2+ Kg8 25. Bc1 Bc8 26. Bd2 Bg4 27.
h3 Be6 28. Rf1 Kg7 29. a4 c5 30. Be1 e4 31. Bb5 cxd4 32. Bh4 dxc3 33. Bxe7 Bxe7
34. Rc1 Bf6 35. Kf2 d4 36. exd4 Bxd4+ 37. Ke2 Bxb3 0-1

[Event "Landsturneringen NM i sjakk 2013"]
[Site "Radisson Blu Lillehammer Hotel"]
[Date "2013.06.29"]
[Round "7"]
[White "Garberg, Tore"]
[Black "Haugsrud, Håkon"]
[Result "1-0"]
[WhiteElo "1821"]
[BlackElo "1870"]
[PlyCount "49"]
[EventDate "2013.??.??"]

1. e4 c6 2. Nc3 d5 3. Nf3 dxe4 4. Nxe4 Bf5 5. Ng3 Bg6 6. h4 h6 7. Ne5 Qd6 8.
Nxg6 Qxg6 9. d4 Nd7 10. Bd3 Qd6 11. c3 Ngf6 12. Qf3 e6 13. Bf4 Qd5 14. Qe2 Be7
15. O-O g5 16. Bc4 Qa5 17. b4 Qb6 18. hxg5 hxg5 19. Bxg5 O-O-O 20. a4 Rdg8 21.
Bf4 Rh4 22. a5 Qd8 23. Qf3 Ng4 24. Qxc6+ bxc6 25. Ba6# 1-0

[Event "Landsturneringen NM i sjakk 2013"]
[Site "Radisson Blu Lillehammer Hotel"]
[Date "2013.06.29"]
[Round "7"]
[White "Johansen, Lars"]
[Black "Barane, Simon"]
[Result "1/2-1/2"]
[WhiteElo "1822"]
[BlackElo "1780"]
[PlyCount "48"]
[EventDate "2013.??.??"]

1. e4 c5 2. Nf3 d6 3. d4 cxd4 4. Nxd4 Nf6 5. f3 g6 6. c4 Bg7 7. Be3 O-O 8. Nc3
Nc6 9. Qd2 Bd7 10. Be2 Rb8 11. Nxc6 bxc6 12. Bxa7 Rb7 13. Be3 Qb8 14. b3 d5 15.
exd5 cxd5 16. Rc1 Be6 17. c5 d4 18. Bxd4 Rd7 19. c6 Rxd4 20. Qxd4 Nd5 21. Qc5
Bxc3+ 22. Rxc3 Nxc3 23. Qxc3 Qb6 24. b4 Bxa2 1/2-1/2

[Event "Landsturneringen NM i sjakk 2013"]
[Site "Radisson Blu Lillehammer Hotel"]
[Date "2013.06.29"]
[Round "7"]
[White "Gyldenås, Ole Jørn"]
[Black "Tufta, Jon Gunnar"]
[Result "1-0"]
[WhiteElo "1955"]
[BlackElo "1740"]
[PlyCount "57"]
[EventDate "2013.??.??"]

1. d4 f5 2. Bg5 Nf6 3. Bxf6 exf6 4. e3 d5 5. Bd3 Bd6 6. Nd2 O-O 7. Qf3 c6 8.
Bxf5 Bxf5 9. Qxf5 Qe7 10. Ngf3 Nd7 11. O-O g6 12. Qd3 f5 13. c4 Nf6 14. cxd5
cxd5 15. Qb3 Rad8 16. Rac1 Kh8 17. Rc2 Ne4 18. Rfc1 f4 19. exf4 Bxf4 20. Re1
Bxd2 21. Nxd2 Rxf2 22. Rxe4 dxe4 23. Kxf2 Qf6+ 24. Ke2 Rf8 25. Qg3 Qa6+ 26. Ke1
Re8 27. Qa3 Qd3 28. Rc5 b6 29. Qxd3 1-0

[Event "Landsturneringen NM i sjakk 2013"]
[Site "Radisson Blu Lillehammer Hotel"]
[Date "2013.06.29"]
[Round "7"]
[White "Theting, Helge E"]
[Black "Runde, Hans Arild"]
[Result "0-1"]
[WhiteElo "1961"]
[BlackElo "1929"]
[PlyCount "146"]
[EventDate "2013.??.??"]

1. Nf3 d5 2. g3 g6 3. Bg2 Bg7 4. O-O Nf6 5. d3 O-O 6. Nbd2 Re8 7. e4 e5 8. Re1
Nc6 9. c3 d4 10. c4 a5 11. Nf1 Bg4 12. h3 Bxf3 13. Qxf3 Qd6 14. Qe2 Nd7 15. f4
Nc5 16. Bd2 Nb4 17. Bxb4 axb4 18. Qf3 Ra6 19. Nh2 Rea8 20. Rf1 exf4 21. gxf4
Rxa2 22. Rxa2 Rxa2 23. e5 Qe7 24. Rf2 c6 25. Qd1 Qd7 26. Bf1 h5 27. Nf3 Bh6 28.
Ne1 Ne6 29. Ng2 c5 30. Qf3 Ra1 31. Kh2 Qc7 32. Qd5 Bg7 33. Be2 Nxf4 34. Nxf4
Bxe5 35. Qe4 g5 36. Bxh5 Bxf4+ 37. Kg2 Qc6 38. Qxc6 bxc6 39. Bf3 Be3 40. Rf1
Ra2 41. Rb1 f5 42. Bxc6 Kg7 43. Kf3 Kf6 44. Kg3 Ke5 45. Bf3 Bf4+ 46. Kf2 Bd2
47. Kg3 Kf6 48. Bd1 Ra7 49. Bf3 Re7 50. Rd1 Be1+ 51. Kg2 Re3 52. Ra1 Ke5 53.
Ra5 Kf4 54. Bd5 Rxd3 55. Rxc5 Re3 56. Ra5 d3 57. Ra1 d2 58. Bc6 Rg3+ 59. Kh2
Rd3 60. Rd1 Ke3 61. c5 Bg3+ 62. Kg2 Be5 63. Bf3 Bxb2 64. Rb1 Be5 65. Bd1 Rc3
66. Rxb4 Rc1 67. Bf3 d1=Q 68. Bxd1 Rxd1 69. c6 Rd2+ 70. Kg1 Rc2 71. Rb5 Ke4 72.
Rb4+ Kd5 73. Rb5+ Rc5 0-1

[Event "Landsturneringen NM i sjakk 2013"]
[Site "Radisson Blu Lillehammer Hotel"]
[Date "2013.06.29"]
[Round "7"]
[White "Sætre, Roger"]
[Black "Johnsen, Sylvia"]
[Result "1/2-1/2"]
[WhiteElo "1723"]
[BlackElo "1912"]
[PlyCount "59"]
[EventDate "2013.??.??"]

1. e4 e5 2. Nc3 Nc6 3. g3 g6 4. Bg2 Bg7 5. d3 Nge7 6. h4 h5 7. Nh3 Nd4 8. O-O
c6 9. Kh2 d6 10. Be3 Bg4 11. f3 Be6 12. Ng5 d5 13. f4 Bg4 14. Qd2 f6 15. Nh3
Ne6 16. fxe5 fxe5 17. exd5 Nxd5 18. Nxd5 cxd5 19. Qb4 Qd7 20. Ng5 Rf8 21. Qa5
d4 22. Bd2 b6 23. Qd5 Rd8 24. Nxe6 Bxe6 25. Rxf8+ Kxf8 26. Rf1+ Kg8 27. Qxd7
Rxd7 28. Be4 Rf7 29. Rxf7 Kxf7 30. a3 1/2-1/2

[Event "Landsturneringen NM i sjakk 2013"]
[Site "Radisson Blu Lillehammer Hotel"]
[Date "2013.06.29"]
[Round "7"]
[White "Larsen, Tor Ketil"]
[Black "Vigdal, Per Kr"]
[Result "1-0"]
[WhiteElo "1940"]
[BlackElo "1754"]
[PlyCount "49"]
[EventDate "2013.??.??"]

1. e4 c5 2. Nc3 g6 3. f4 Bg7 4. Nf3 d6 5. Bb5+ Nc6 6. d3 a6 7. Bxc6+ bxc6 8. h3
Nf6 9. Be3 O-O 10. O-O Rb8 11. Rb1 Qc7 12. Qe1 Re8 13. Qh4 a5 14. f5 d5 15. Bf4
Qa7 16. Bxb8 Qxb8 17. e5 d4 18. fxg6 hxg6 19. Ne4 Nxe4 20. dxe4 Be6 21. Ng5
Qxe5 22. Qh7+ Kf8 23. Qxg6 f6 24. Rf5 Qc7 25. Nxe6+ 1-0

[Event "Landsturneringen NM i sjakk 2013"]
[Site "Radisson Blu Lillehammer Hotel"]
[Date "2013.06.29"]
[Round "7"]
[White "Dyrnes, Jussi"]
[Black "Christenson, Bjørn Aa"]
[Result "0-1"]
[WhiteElo "1746"]
[BlackElo "1771"]
[PlyCount "83"]
[EventDate "2013.??.??"]

1. e4 e5 2. Nf3 Nc6 3. Bb5 a6 4. Bxc6 dxc6 5. h3 Bc5 6. O-O f6 7. d3 Be6 8.
Nbd2 Ne7 9. Nb3 Bb6 10. Bd2 Ng6 11. Na5 Rb8 12. Nc4 Ba7 13. a4 Qd7 14. Kh2 O-O
15. b3 Rbd8 16. Qc1 Qc8 17. Ng1 Rfe8 18. g3 b5 19. Ne3 Bd4 20. Ra2 Qb7 21. Ne2
Qc8 22. g4 Bc5 23. Nf5 Bxf5 24. gxf5 Nh4 25. Be3 Nf3+ 26. Kg2 Nd4 27. Ng3 b4
28. Qd1 Qd7 29. Rb2 a5 30. Qg4 Kh8 31. h4 Rg8 32. Rh1 g6 33. Qh3 gxf5 34. exf5
Qd5+ 35. Kf1 Qf3 36. Rb1 Rxg3 37. Qxg3 Qe2+ 38. Kg2 Nxf5 39. Bg5 Nxg3 40. Bxf6+
Kg8 41. Kxg3 Qxf2+ 42. Kh3 0-1

[Event "Landsturneringen NM i sjakk 2013"]
[Site "Radisson Blu Lillehammer Hotel"]
[Date "2013.06.29"]
[Round "7"]
[White "Ali, Karim"]
[Black "Thrana, Svein Arne"]
[Result "1-0"]
[WhiteElo "1601"]
[BlackElo "1752"]
[PlyCount "120"]
[EventDate "2013.??.??"]

1. e4 c5 2. Nf3 Nc6 3. c4 g6 4. Nc3 Bg7 5. Rb1 d6 6. h3 Nf6 7. d3 Bd7 8. Be2 a6
9. a3 O-O 10. Be3 Rc8 11. O-O e6 12. b4 Ne8 13. Qd2 Nd4 14. bxc5 dxc5 15. Rxb7
Bc6 16. Rbb1 f5 17. Bh6 Nxf3+ 18. Bxf3 fxe4 19. Bg4 Qf6 20. Bxg7 Nxg7 21. Nxe4
Qd4 22. Rfe1 h5 23. Bf3 Rcd8 24. Qb2 Nf5 25. Qb6 Rc8 26. Ng5 Bxf3 27. Qxe6+ Kg7
28. Nxf3 Qf4 29. Rb7+ Kh6 30. Ne5 Nh4 31. Nf7+ Rxf7 32. Rxf7 Qg5 33. g3 Rb8 34.
Qd7 Rh8 35. Qe6 Nf5 36. Rxf5 Qxf5 37. Qxf5 gxf5 38. Re6+ Kg7 39. Rxa6 Rd8 40.
Rc6 Rxd3 41. Rxc5 Kf6 42. a4 h4 43. gxh4 Rxh3 44. a5 Rxh4 45. a6 Rh3 46. Ra5
Rh8 47. a7 Ra8 48. f4 Ke6 49. Kf2 Kd6 50. Ke3 Kc6 51. Kd4 Kb7 52. Rb5+ Ka6 53.
Rxf5 Rxa7 54. Rb5 Rf7 55. f5 Rh7 56. f6 Rh4+ 57. Kd5 Rf4 58. Ke6 Rxc4 59. Rb3
Re4+ 60. Kd7 Rc4 1-0

[Event "Landsturneringen NM i sjakk 2013"]
[Site "Radisson Blu Lillehammer Hotel"]
[Date "2013.06.29"]
[Round "7"]
[White "Boger, Raymond"]
[Black "Hagen, Brede"]
[Result "0-1"]
[WhiteElo "1922"]
[BlackElo "1897"]
[PlyCount "52"]
[EventDate "2013.??.??"]

1. c4 e5 2. g3 Nc6 3. Bg2 f5 4. Nc3 Nf6 5. d3 Bb4 6. e4 Bxc3+ 7. bxc3 d6 8. Ne2
fxe4 9. dxe4 O-O 10. Qa4 Qe8 11. c5 dxc5 12. Qc4+ Kh8 13. Qxc5 b6 14. Qb5 Bd7
15. Qa6 Na5 16. Qd3 Rd8 17. O-O Bb5 18. Qf3 Qg6 19. Ba3 c5 20. Rad1 Nd7 21.
Rxd7 Bxd7 22. Qd3 Ba4 23. Qa6 Qf7 24. f3 Qd7 25. Rb1 Bc2 26. Rc1 Bd3 0-1

[Event "Landsturneringen NM i sjakk 2013"]
[Site "Radisson Blu Lillehammer Hotel"]
[Date "2013.06.29"]
[Round "7"]
[White "Aartun, Eivind"]
[Black "Opdahl, Andreas"]
[Result "1/2-1/2"]
[WhiteElo "1800"]
[BlackElo "1750"]
[PlyCount "56"]
[EventDate "2013.??.??"]

1. e4 d6 2. d4 Nf6 3. Nc3 g6 4. Nf3 Bg7 5. Be2 c6 6. Be3 b5 7. a3 Qc7 8. h3
Nbd7 9. d5 a6 10. g4 Nb6 11. dxc6 Qxc6 12. Qd4 Nc4 13. Bxc4 Qxc4 14. g5 Qxd4
15. Bxd4 Nh5 16. Nd5 Rb8 17. Kd2 Bxd4 18. Nxd4 Kd7 19. a4 e5 20. Nb3 Bb7 21.
axb5 Bxd5 22. exd5 Rxb5 23. Rxa6 Rxd5+ 24. Kc3 Rb5 25. Rd1 d5 26. Ra5 Rxa5 27.
Nxa5 Ke6 28. b4 d4+ 1/2-1/2

[Event "Landsturneringen NM i sjakk 2013"]
[Site "Radisson Blu Lillehammer Hotel"]
[Date "2013.06.29"]
[Round "8"]
[White "Andersen, Øystein R"]
[Black "Snellingen, Jørn"]
[Result "1/2-1/2"]
[WhiteElo "1823"]
[BlackElo "1901"]
[PlyCount "40"]
[EventDate "2013.??.??"]

1. c4 Nc6 2. g3 e5 3. Nc3 f5 4. Bg2 Nf6 5. d3 Bb4 6. Bd2 O-O 7. Nd5 Bxd2+ 8.
Qxd2 d6 9. Nf3 e4 10. Ng5 h6 11. Nh3 exd3 12. Qxd3 Ne4 13. O-O Ne5 14. Qc2 c6
15. Nc3 Be6 16. Nf4 Bxc4 17. Nxe4 fxe4 18. Bxe4 Qf6 19. Nd3 Bxd3 20. Bxd3 Nxd3
1/2-1/2

[Event "Landsturneringen NM i sjakk 2013"]
[Site "Radisson Blu Lillehammer Hotel"]
[Date "2013.06.29"]
[Round "8"]
[White "Thorstensen, Espen"]
[Black "Tirado Gonzalez, Rafael"]
[Result "0-1"]
[WhiteElo "1960"]
[BlackElo "1804"]
[PlyCount "40"]
[EventDate "2013.??.??"]

1. e4 c5 2. Nc3 e6 3. g3 d5 4. exd5 exd5 5. d4 Nc6 6. Bg2 Nxd4 7. Nxd5 Bf5 8.
Ne3 Qe7 9. c3 Nc2+ 10. Kf1 Rd8 11. Qf3 Bd3+ 12. Ne2 Nxa1 13. Qxb7 Qxb7 14. Bxb7
Bd6 15. Bc6+ Kf8 16. Ba4 Nf6 17. f3 c4 18. Kf2 Bc5 19. Nd4 Rxd4 20. cxd4 Bxd4
0-1

[Event "Landsturneringen NM i sjakk 2013"]
[Site "Radisson Blu Lillehammer Hotel"]
[Date "2013.06.29"]
[Round "8"]
[White "Runde, Hans Arild"]
[Black "Solbu, Lasse Tveter"]
[Result "1-0"]
[WhiteElo "1929"]
[BlackElo "1767"]
[PlyCount "95"]
[EventDate "2013.??.??"]

1. Nf3 d5 2. d4 c5 3. c3 Nc6 4. Bf4 Bg4 5. e3 e6 6. Be2 Qb6 7. Qb3 Qxb3 8. axb3
Nf6 9. h3 Bh5 10. Na3 Be7 11. dxc5 Bxf3 12. Bxf3 Bxc5 13. b4 Bb6 14. Bd1 e5 15.
Bh2 Nd7 16. Ke2 O-O 17. Bb3 d4 18. Nc4 Rad8 19. Rhd1 a6 20. Nd6 Bc7 21. Nxf7
Rxf7 22. Bxf7+ Kxf7 23. exd4 Nf6 24. dxe5 Rxd1 25. Rxd1 Nxe5 26. Bxe5 Bxe5 27.
Kd3 Ke6 28. g3 h5 29. f4 Bd6 30. Rf1 Kf5 31. Kd4 g6 32. Ke3 Be7 33. Rd1 Ke6 34.
Kf3 Bd6 35. Re1+ Kf5 36. c4 g5 37. c5 g4+ 38. hxg4+ hxg4+ 39. Kf2 Bf8 40. Re5+
Kg6 41. Re6 a5 42. bxa5 Bxc5+ 43. Kg2 Kf7 44. Re5 Nd7 45. Rg5 Bb4 46. Rb5 Be1
47. Rxb7 Ke8 48. a6 1-0

[Event "Landsturneringen NM i sjakk 2013"]
[Site "Radisson Blu Lillehammer Hotel"]
[Date "2013.06.29"]
[Round "8"]
[White "Steinskog, Asbjørn O"]
[Black "Gyldenås, Ole Jørn"]
[Result "1/2-1/2"]
[WhiteElo "1827"]
[BlackElo "1955"]
[PlyCount "41"]
[EventDate "2013.??.??"]

1. e4 e6 2. d4 d5 3. exd5 exd5 4. Nf3 Nc6 5. Bd3 Bd6 6. O-O Nge7 7. Bg5 O-O 8.
c3 Bg4 9. Nbd2 Qd7 10. Qc2 Bf5 11. Rfe1 Bxd3 12. Qxd3 Ng6 13. Nf1 a6 14. Rad1
Rae8 15. Nh4 Nxh4 16. Bxh4 Bf4 17. Bg3 Qd6 18. Bxf4 Qxf4 19. Qg3 Qxg3 20. Nxg3
f6 21. f3 1/2-1/2

[Event "Landsturneringen NM i sjakk 2013"]
[Site "Radisson Blu Lillehammer Hotel"]
[Date "2013.06.29"]
[Round "8"]
[White "Barane, Simon"]
[Black "Nygaard, Timmie"]
[Result "1-0"]
[WhiteElo "1780"]
[BlackElo "1840"]
[PlyCount "105"]
[EventDate "2013.??.??"]

1. e4 c5 2. Nf3 Nc6 3. d4 cxd4 4. Nxd4 d6 5. Nc3 Nf6 6. Bg5 e6 7. Qd2 Be7 8.
O-O-O d5 9. Bb5 Bd7 10. exd5 Nxd5 11. Bxe7 Ncxe7 12. Nxd5 Nxd5 13. Bxd7+ Qxd7
14. Nf5 O-O 15. Ne3 Rfd8 16. Nxd5 exd5 17. Qd4 Qf5 18. Kb1 Qe4 19. Rhe1 Qxd4
20. Rxd4 Re8 21. Red1 Rad8 22. Kc1 Re5 23. c4 Rc8 24. Kc2 dxc4 25. Kc3 g6 26.
Rd7 b5 27. Rxa7 Re2 28. a3 Rxf2 29. Rd2 Rxd2 30. Kxd2 Rd8+ 31. Kc2 Rd5 32. Ra5
Rg5 33. g3 Rf5 34. a4 Rf2+ 35. Kc3 b4+ 36. Kxc4 Rxb2 37. Ra8+ Kg7 38. h4 h5 39.
a5 Rg2 40. a6 Rxg3 41. a7 Rg4+ 42. Kb3 Rg1 43. Rb8 Ra1 44. a8=Q Rxa8 45. Rxa8
Kf6 46. Ra5 Ke6 47. Rg5 Kf6 48. Kxb4 Kg7 49. Kc4 f6 50. Rg1 Kh6 51. Kd4 g5 52.
Ke4 Kg6 53. Rg2 1-0

[Event "Landsturneringen NM i sjakk 2013"]
[Site "Radisson Blu Lillehammer Hotel"]
[Date "2013.06.29"]
[Round "8"]
[White "Hegvik, Leif Trygve"]
[Black "Theting, Helge E"]
[Result "1-0"]
[WhiteElo "1770"]
[BlackElo "1961"]
[PlyCount "75"]
[EventDate "2013.??.??"]

1. c4 g6 2. Nc3 Bg7 3. d4 d6 4. e4 Nc6 5. Be3 e5 6. d5 Nce7 7. g4 a6 8. h4 h6
9. Bh3 Bd7 10. Qf3 c5 11. Nge2 b5 12. b3 Nc8 13. Nd1 bxc4 14. bxc4 Nb6 15. Rc1
Ne7 16. Qg3 Rb8 17. O-O O-O 18. f4 f6 19. f5 g5 20. hxg5 hxg5 21. Nf2 Na4 22.
Rb1 Qa5 23. Rfc1 Rb6 24. Qg2 Nb2 25. Nd1 Nxc4 26. Rxb6 Nxb6 27. Ndc3 Nc4 28.
Qf2 Rb8 29. Rc2 Na3 30. Rc1 Rb2 31. Bf1 Nc8 32. Kg2 Nb6 33. Kg1 Na4 34. Bxg5
fxg5 35. f6 Bh6 36. f7+ Kf8 37. Qf6 Qd8 38. Qxd8+ 1-0

[Event "Landsturneringen NM i sjakk 2013"]
[Site "Radisson Blu Lillehammer Hotel"]
[Date "2013.06.29"]
[Round "8"]
[White "Tufta, Jon Gunnar"]
[Black "Johansen, Lars"]
[Result "0-1"]
[WhiteElo "1740"]
[BlackElo "1822"]
[PlyCount "22"]
[EventDate "2013.??.??"]

1. e4 e6 2. d4 d5 3. exd5 exd5 4. Bd3 Nc6 5. c3 Bd6 6. h3 Nge7 7. Qc2 Ng6 8.
Ne2 O-O 9. Be3 f5 10. Qd2 f4 11. Bxg6 fxe3 0-1

[Event "Landsturneringen NM i sjakk 2013"]
[Site "Radisson Blu Lillehammer Hotel"]
[Date "2013.06.29"]
[Round "8"]
[White "Christenson, Bjørn Aa"]
[Black "Ali, Karim"]
[Result "1-0"]
[WhiteElo "1771"]
[BlackElo "1601"]
[PlyCount "73"]
[EventDate "2013.??.??"]

1. e4 e5 2. Nf3 Nc6 3. Bb5 a6 4. Ba4 Nf6 5. O-O Be7 6. d3 b5 7. Bb3 O-O 8. c3
d6 9. a4 Na5 10. Bc2 c5 11. axb5 Qb6 12. b4 Nb7 13. Rxa6 Rxa6 14. bxa6 Qxa6 15.
bxc5 Nxc5 16. Be3 Qa5 17. c4 h6 18. Bd2 Qa7 19. Nc3 Bg4 20. h3 Bh5 21. g4 Bg6
22. Be3 Ra8 23. Nb5 Qb8 24. Qb1 Ne6 25. Nh4 Nf4 26. Bxf4 exf4 27. Nxg6 fxg6 28.
d4 Qc8 29. Qd1 Kf8 30. e5 dxe5 31. dxe5 Qxc4 32. exf6 Bxf6 33. Qd3 Rc8 34. Qxc4
Rxc4 35. Bxg6 Rb4 36. Nc7 Bc3 37. Nd5 1-0

[Event "Landsturneringen NM i sjakk 2013"]
[Site "Radisson Blu Lillehammer Hotel"]
[Date "2013.06.29"]
[Round "8"]
[White "Aartun, Eivind"]
[Black "Vigdal, Per Kr"]
[Result "1-0"]
[WhiteElo "1800"]
[BlackElo "1754"]
[PlyCount "63"]
[EventDate "2013.??.??"]

1. e4 e5 2. d4 exd4 3. c3 dxc3 4. Nxc3 Nc6 5. Nf3 d6 6. Bc4 Be7 7. Qb3 Be6 8.
Bxe6 fxe6 9. Qxb7 Na5 10. Qa6 c5 11. Qb5+ Kf7 12. O-O Rb8 13. Ng5+ Bxg5 14.
Bxg5 Nf6 15. Qe2 h6 16. Bh4 g5 17. Bg3 Nc6 18. Nb5 Nd4 19. Nxd4 cxd4 20. e5
dxe5 21. Bxe5 d3 22. Qe3 Rb7 23. Rfd1 Rd7 24. Rac1 Rf8 25. Rc3 Nd5 26. Rcxd3
Nxe3 27. Rxd7+ Qxd7 28. Rxd7+ Ke8 29. Rxa7 Rf5 30. fxe3 Rxe5 31. Kf2 Rc5 32. b4
1-0

[Event "Landsturneringen NM i sjakk 2013"]
[Site "Radisson Blu Lillehammer Hotel"]
[Date "2013.06.29"]
[Round "8"]
[White "Dyrnes, Jussi"]
[Black "Boger, Raymond"]
[Result "0-1"]
[WhiteElo "1746"]
[BlackElo "1922"]
[PlyCount "84"]
[EventDate "2013.??.??"]

1. e4 g6 2. d4 Bg7 3. c4 Nc6 4. Be3 e5 5. Nf3 d6 6. h3 f5 7. d5 Nce7 8. exf5
Nxf5 9. Bg5 Nf6 10. Nc3 h6 11. Bxf6 Qxf6 12. Ne4 Qe7 13. Bd3 O-O 14. Qc2 c5 15.
O-O-O a6 16. Rde1 b5 17. g4 bxc4 18. Bxc4 Nd4 19. Nxd4 cxd4 20. Kb1 Bd7 21. Qd3
a5 22. Qa3 Rab8 23. Re2 Bb5 24. Bxb5 Rxb5 25. Nxd6 Rxd5 26. Nc4 Qxa3 27. Nxa3
d3 28. Rd2 Rf4 29. Re1 Bf8 30. Re3 e4 31. Nc4 Bc5 32. a3 Bxe3 33. Nxe3 Rb5 34.
a4 Rb8 35. Nc4 Rb4 36. Nxa5 Rxa4 37. Nb3 e3 38. fxe3 Rf1+ 39. Nc1 Rc4 40. Rxd3
Rfxc1+ 41. Ka2 Kf7 42. b3 R4c3 0-1

[Event "Landsturneringen NM i sjakk 2013"]
[Site "Radisson Blu Lillehammer Hotel"]
[Date "2013.06.29"]
[Round "9"]
[White "Tirado Gonzalez, Rafael"]
[Black "Andersen, Øystein R"]
[Result "1/2-1/2"]
[WhiteElo "1804"]
[BlackElo "1823"]
[PlyCount "25"]
[EventDate "2013.??.??"]

1. e4 c5 2. Nf3 d6 3. d4 cxd4 4. Nxd4 Nf6 5. Nc3 g6 6. Be3 Bg7 7. f3 O-O 8. Qd2
Nc6 9. Bc4 Nxd4 10. Bxd4 Bd7 11. O-O-O Qc8 12. Bb3 a5 13. a3 1/2-1/2

[Event "Landsturneringen NM i sjakk 2013"]
[Site "Radisson Blu Lillehammer Hotel"]
[Date "2013.06.29"]
[Round "9"]
[White "Snellingen, Jørn"]
[Black "Stake-Larsen, Gunnar"]
[Result "1-0"]
[WhiteElo "1901"]
[BlackElo "1857"]
[PlyCount "25"]
[EventDate "2013.??.??"]

1. d4 d5 2. c4 e6 3. Nc3 c6 4. Nf3 dxc4 5. a4 Bb4 6. Bd2 Nf6 7. Qc2 O-O 8. e4
b5 9. Be2 Bb7 10. O-O h6 11. e5 Nd5 12. Nxd5 Qxd5 13. Bxb4 1-0

[Event "Landsturneringen NM i sjakk 2013"]
[Site "Radisson Blu Lillehammer Hotel"]
[Date "2013.06.29"]
[Round "9"]
[White "Gyldenås, Ole Jørn"]
[Black "Edvardsen, Vidar"]
[Result "1/2-1/2"]
[WhiteElo "1955"]
[BlackElo "1763"]
[PlyCount "32"]
[EventDate "2013.??.??"]

1. d4 Nf6 2. c4 e6 3. Nf3 Bb4+ 4. Bd2 Qe7 5. g3 Nc6 6. Bg2 O-O 7. O-O Bxd2 8.
Nbxd2 d6 9. e4 e5 10. d5 Nb8 11. h3 a5 12. Rc1 Na6 13. Ne1 Nc5 14. Qc2 Bd7 15.
Nd3 b6 16. Kh2 Nxd3 1/2-1/2

[Event "Landsturneringen NM i sjakk 2013"]
[Site "Radisson Blu Lillehammer Hotel"]
[Date "2013.06.29"]
[Round "9"]
[White "Solbu, Lasse Tveter"]
[Black "Lund, Terje"]
[Result "1-0"]
[WhiteElo "1767"]
[BlackElo "1925"]
[PlyCount "77"]
[EventDate "2013.??.??"]

1. d4 Nf6 2. Nf3 g6 3. c4 Bg7 4. Nc3 d5 5. cxd5 Nxd5 6. e4 Nxc3 7. bxc3 O-O 8.
Be2 c5 9. O-O Bg4 10. Be3 cxd4 11. cxd4 Nc6 12. d5 Bxf3 13. Bxf3 Ne5 14. Be2
Nd7 15. Rb1 b6 16. Bb5 Nc5 17. Qc2 Rc8 18. Bc6 Nb7 19. Qa4 Na5 20. Rbc1 Nxc6
21. dxc6 Rc7 22. Rfd1 Qa8 23. Rd7 Qc8 24. Rxc7 Qxc7 25. Rd1 Rd8 26. Rxd8+ Qxd8
27. c7 Qc8 28. Qxa7 Be5 29. Bxb6 Kf8 30. g3 g5 31. Qa5 f6 32. Qc5 g4 33. Qc6
Kg7 34. a4 Bxc7 35. Bxc7 Qg8 36. Qd7 Kf7 37. Qd5+ e6 38. Qd7+ Kg6 39. Bd8 1-0

[Event "Landsturneringen NM i sjakk 2013"]
[Site "Radisson Blu Lillehammer Hotel"]
[Date "2013.06.29"]
[Round "9"]
[White "Garberg, Tore"]
[Black "Hegvik, Leif Trygve"]
[Result "1/2-1/2"]
[WhiteElo "1821"]
[BlackElo "1770"]
[PlyCount "29"]
[EventDate "2013.??.??"]

1. e4 e6 2. d4 d5 3. Nc3 dxe4 4. Nxe4 Nd7 5. Nf3 Ngf6 6. Nxf6+ Nxf6 7. Bd3 c5
8. c3 cxd4 9. Nxd4 Be7 10. O-O O-O 11. Re1 h6 12. Qf3 Qd5 13. Qxd5 Nxd5 14. a3
Rd8 15. Bf1 1/2-1/2